Ukraine First Level Subdivisions - Statistics

General Stats
  • This quiz has been taken 495 times
  • The average score is 13 of 25
Answer Stats
Oblasti % Correct
Kiev
94%
Kiev
94%
Lviv
83%
Donetsk
81%
Odessa
81%
Kharkiv
75%
Luhansk
75%
Kherson
58%
Dnipropetrovsk
57%
Sumy
55%
Zaporizhia
55%
Chernihiv
49%
Mykolaiv
47%
Poltava
45%
Rivne
45%
Volyn
43%
Ivano-Frankivsk
38%
Ternopil
37%
Zakarpattia
37%
Cherkasy
35%
Vinnytsia
33%
Zhytomyr
33%
Chernivtsi
30%
Kirovohrad
27%
Khmelnytskyi
26%
No matching quizzes found
Score Distribution
Percent of People with Each Score
Percentile by Number Answered
Your Score History
You have not taken this quiz